Historic churches (Record no. 104881)

MARC details
000 -LEADER
fixed length control field 01850cam a2200361 4500
001 - CONTROL NUMBER
control field ##L131865
008 - FIXED-LENGTH DATA ELEMENTS--GENERAL INFORMATION
fixed length control field 051213n2004 000 0 eng u
020 ## - INTERNATIONAL STANDARD BOOK NUMBER
International Standard Book Number 900915316
035 ## - SYSTEM CONTROL NUMBER
System control number (Sirsi) u131865
041 0# - LANGUAGE CODE
Language code of text/sound track or separate title eng
050 ## - LIBRARY OF CONGRESS CALL NUMBER
Classification number 690.241 $2 18
110 2# - MAIN ENTRY--CORPORATE NAME
Corporate name or jurisdiction name as entry element Building Conservation Directory
9 (RLIN) 3988
245 00 - TITLE STATEMENT
Title Historic churches
Remainder of title the conservation and repair of ecclesiastical buildings
250 ## - EDITION STATEMENT
Edition statement 11th ed.
260 ## - PUBLICATION, DISTRIBUTION, ETC.
Place of publication, distribution, etc. Tisbury
Name of publisher, distributor, etc. Cathedral Communications
Date of publication, distribution, etc. 2004
300 ## - PHYSICAL DESCRIPTION
Extent 56p.
Other physical details ill.
Dimensions 30cm.
490 #0 - SERIES STATEMENT
Series statement Building Conservation Directory Special Report
505 2# - FORMATTED CONTENTS NOTE
Formatted contents note The puzzle of St. Mary's Hale -- Is funding in crisis -- Beakhead ornament and the corpus of Romanesque architecture -- Hegemony and dissent in an industrial Lancashire town: the rise of non-conformity in Ashton-under-Lyne -- Historic Methodist architecture and its protection -- The protection revoltion: the heritage protection review - key changes -- Forgotten treasures: the NADFAS church record of Barwick in Elmet -- Access to historic church buildings -- Adhering to the point: the use of adhesives in stained glass restoration -- The restoration of the 1829 organ at St. James', Bermondsey -- Organ builders and restorers map -- Grave risk
520 ## - SUMMARY, ETC.
Summary, etc. An annual looking at issues surrounding the conservation and repair of churches which includes a directory of useful organisations, products and services.
690 ## - LOCAL SUBJECT ADDED ENTRY--TOPICAL TERM (OCLC, RLIN)
Topical term or geographic name as entry element BUILT ENVIRONMENT-BUILDING MAINTENANCE AND REFURBISHMENT-BUILDING RESTORATION
700 1# - ADDED ENTRY--PERSONAL NAME
Personal name Taylor, Jonathan
Relator term Editor
700 1# - ADDED ENTRY--PERSONAL NAME
Personal name Leigh, Judith
700 1# - ADDED ENTRY--PERSONAL NAME
Personal name Baxter, Ron
700 1# - ADDED ENTRY--PERSONAL NAME
Personal name Green, Edward
700 1# - ADDED ENTRY--PERSONAL NAME
Personal name Serjeant, Ian
700 1# - ADDED ENTRY--PERSONAL NAME
Personal name Hedley, Jane
700 1# - ADDED ENTRY--PERSONAL NAME
Personal name Brown, Patricia
700 1# - ADDED ENTRY--PERSONAL NAME
Personal name Kent, Robin
700 1# - ADDED ENTRY--PERSONAL NAME
Personal name Rosa, Roberto
700 1# - ADDED ENTRY--PERSONAL NAME
Personal name Gwynn, Dominic
700 1# - ADDED ENTRY--PERSONAL NAME
Personal name Squire, Nadine
942 ## - ADDED ENTRY ELEMENTS (KOHA)
Suppress in OPAC 0
Holdings
Withdrawn status Lost status Source of classification or shelving scheme Damaged status Not for loan Home library Current library Shelving location Date acquired Total Checkouts Full call number Barcode Date last seen Date last checked out Copy number Price effective from Koha item type
    Dewey Decimal Classification     London London Folio 13/12/2005 3 F690.241 BUI 30069755 06/08/2019 04/12/2006 1 06/08/2019 Book